Top 5 w Europie - Statystyki

Ogólne statystyki
  • Ten quiz został rozwiązany 1 889 razy
  • Średni wynik to 52 z 60
Statystyki odpowiedzi
Odpowiedź % Poprawnych
Producent jabłek Polska
99%
Producent żyta Polska
99%
Producent owsa Polska
99%
Siła wojskowa Francja
98%
Największy rozmiar Francja
98%
Największy w populacji Francja
98%
Producent jabłek Francja
98%
Producent wina Francja
98%
Producent samochodów Francja
98%
Najwyższy punkt Francja
98%
Najniższy punkt Francja
98%
Siła wojskowa Niemcy
98%
Największy w populacji Niemcy
98%
Producent wina Niemcy
98%
Producent żyta Niemcy
98%
Producent samochodów Niemcy
98%
Siła wojskowa Rosja
98%
Największy rozmiar Rosja
98%
Największy w populacji Rosja
98%
Producent jabłek Rosja
98%
Producent żyta Rosja
98%
Producent owsa Rosja
98%
Producent benzyny Rosja
98%
Najwyższy punkt Rosja
98%
Najniższy punkt Rosja
98%
Największy rozmiar Hiszpania
94%
Producent wina Hiszpania
94%
Producent samochodów Hiszpania
94%
Siła wojskowa Włochy
93%
Największy w populacji Włochy
93%
Producent jabłek Włochy
93%
Producent wina Włochy
93%
Najwyższy punkt Włochy
93%
Największy rozmiar Ukraina
92%
Producent jabłek Ukraina
92%
Producent żyta Ukraina
92%
Siła wojskowa Wielka Brytania
92%
Największy w populacji Wielka Brytania
92%
Producent owsa Wielka Brytania
92%
Producent samochodów Wielka Brytania
92%
Producent benzyny Wielka Brytania
92%
Największy rozmiar Szwecja
90%
Producent owsa Szwecja
90%
Najwyższy % energii odnawialnej Szwecja
90%
Producent benzyny Norwegia
85%
Najwyższy % energii odnawialnej Norwegia
85%
Producent owsa Finlandia
78%
Najwyższy % energii odnawialnej Finlandia
78%
Producent wina Portugalia
75%
Najwyższy punkt Szwajcaria
68%
Producent samochodów Czechy
67%
Producent benzyny Dania
67%
Najniższy punkt Dania
67%
Najniższy punkt Holandia
66%
Najwyższy punkt Austria
62%
Producent żyta Białoruś
61%
Producent benzyny Rumunia
56%
Najniższy punkt Litwa
55%
Najwyższy % energii odnawialnej Islandia
51%
Najwyższy % energii odnawialnej Albania
23%
Nie znaleziono quizów pasujących do podanych kryteriów
Rozkład punktacji
Procent ludzi z każdym wynikiem
Percentyl według liczby udzielonych odpowiedzi
Twoja historia wyników
Nie rozwiązałeś tego quizu